Classical mechanics with calculus of variations, and optimal control : (Record no. 478367)

000 -LEADER
fixed length control field 01811cam a2200433 i 4500
001 - CONTROL NUMBER
control field 17831107
003 - CONTROL NUMBER IDENTIFIER
control field NUST
005 - DATE AND TIME OF LATEST TRANSACTION
control field 20180523062207.0
008 - FIXED-LENGTH DATA ELEMENTS--GENERAL INFORMATION
fixed length control field 130730s2014 riu b 001 0 eng
010 ## - LIBRARY OF CONGRESS CONTROL NUMBER
LC control number 2013030550
020 ## - INTERNATIONAL STANDARD BOOK NUMBER
International Standard Book Number 9780821891384 (alk. paper)
038 ## - RECORD CONTENT LICENSOR
Staff Name SNS Library
040 ## - CATALOGING SOURCE
Original cataloging agency DLC
Language of cataloging eng
Transcribing agency DLC
Description conventions rda
Modifying agency DLC
042 ## - AUTHENTICATION CODE
Authentication code pcc
050 00 - LIBRARY OF CONGRESS CALL NUMBER
Classification number QA805
Item number .L465 2014
082 00 - DEWEY DECIMAL CLASSIFICATION NUMBER
Classification number 531
Edition number 23
084 ## - OTHER CLASSIFICATION NUMBER
Classification number 34-XX
-- 37-XX
-- 49-XX
-- 70-XX
-- 00A07
Number source msc
100 1# - MAIN ENTRY--PERSONAL NAME
Personal name Levi, Mark,
Dates associated with a name 1951-
9 (RLIN) 10483
245 10 - TITLE STATEMENT
Title Classical mechanics with calculus of variations, and optimal control :
Remainder of title an intuitive introduction /
Statement of responsibility, etc. Mark Levi.
264 #1 - PRODUCTION, PUBLICATION, DISTRIBUTION, MANUFACTURE, AND COPYRIGHT NOTICE
Place of production, publication, distribution, manufacture Providence, Rhode Island :
Name of producer, publisher, distributor, manufacturer American Mathematical Society ;
Place of production, publication, distribution, manufacture [University Park, Pennsylvania] :
-- Mathematics Advanced Study Semesters,
Date of production, publication, distribution, manufacture, or copyright notice [2014]
300 ## - PHYSICAL DESCRIPTION
Extent xx, 299 pages ;
Dimensions 22 cm.
336 ## - CONTENT TYPE
Content type term text
Source rdacontent
337 ## - MEDIA TYPE
Media type term unmediated
Source rdamedia
338 ## - CARRIER TYPE
Carrier type term volume
Source rdacarrier
490 0# - SERIES STATEMENT
Series statement Student mathematical library ;
Volume/sequential designation volume 69
504 ## - BIBLIOGRAPHY, ETC. NOTE
Bibliography, etc. note Includes bibliographical references and index.
650 #0 - SUBJECT ADDED ENTRY--TOPICAL TERM
Topical term or geographic name entry element Mechanics
Form subdivision Textbooks.
9 (RLIN) 10484
650 #0 - SUBJECT ADDED ENTRY--TOPICAL TERM
Topical term or geographic name entry element Hamiltonian systems
Form subdivision Textbooks.
9 (RLIN) 10485
650 #0 - SUBJECT ADDED ENTRY--TOPICAL TERM
Topical term or geographic name entry element Calculus of variations
Form subdivision Textbooks.
9 (RLIN) 10486
650 #0 - SUBJECT ADDED ENTRY--TOPICAL TERM
Topical term or geographic name entry element Control theory
Form subdivision Textbooks.
9 (RLIN) 10487
650 #7 - SUBJECT ADDED ENTRY--TOPICAL TERM
Topical term or geographic name entry element Ordinary differential equations.
Source of heading or term msc
9 (RLIN) 10488
650 #7 - SUBJECT ADDED ENTRY--TOPICAL TERM
Topical term or geographic name entry element Dynamical systems and ergodic theory.
Source of heading or term msc
9 (RLIN) 10489
650 #7 - SUBJECT ADDED ENTRY--TOPICAL TERM
Topical term or geographic name entry element Calculus of variations and optimal control; optimization.
Source of heading or term msc
9 (RLIN) 10490
650 #7 - SUBJECT ADDED ENTRY--TOPICAL TERM
Topical term or geographic name entry element Mechanics of particles and systems.
Source of heading or term msc
9 (RLIN) 10491
650 #7 - SUBJECT ADDED ENTRY--TOPICAL TERM
Topical term or geographic name entry element General -- General and miscellaneous specific topics -- Problem books.
Source of heading or term msc
9 (RLIN) 10492
906 ## - LOCAL DATA ELEMENT F, LDF (RLIN)
a 7
b cbc
c orignew
d 1
e ecip
f 20
g y-gencatlg
942 ## - ADDED ENTRY ELEMENTS (KOHA)
Source of classification or shelving scheme
Koha item type Book
Holdings
Withdrawn status Lost status Source of classification or shelving scheme Damaged status Not for loan Permanent Location Current Location Date acquired Total Checkouts Total Renewals Full call number Barcode Date last seen Date last checked out Price effective from Koha item type
          School of Natural Sciences (SNS) School of Natural Sciences (SNS) 05/23/2018 1 1 531 SNS0002460 10/30/2024 12/12/2023 05/23/2018 Book
© 2023 Central Library, National University of Sciences and Technology. All Rights Reserved.